[Event "Open A"]
[Site "Panevezys"]
[Date "2009.08.21"]
[Round "7.17"]
[White "Barsciauskas, Gintautas"]
[Black "Stremavicius, Titas"]
[Result "0-1"]
[WhiteElo "1964"]
[BlackElo "1791"]
[PlyCount "96"]
[EventDate "2009.08.??"]

1. d3 d5 2. Nd2 e5 3. e4 Nf6 4. Be2 Bd6 5. Ngf3 c6 6. c3 h6 7. a3 Qc7 8. b4 Be6
9. Bb2 Nbd7 10. Qc2 a5 11. O-O O-O 12. Rfe1 Rfe8 13. Nf1 b6 14. Ng3 c5 15. b5
d4 16. c4 Nf8 17. Nh4 Ng6 18. Nhf5 Nf4 19. Bf1 N4h5 20. Nxd6 Qxd6 21. Nxh5 Nxh5
22. g3 Ra7 23. Qe2 Nf6 24. f4 Bg4 25. Qf2 exf4 26. gxf4 Qd7 27. Bc1 Bh3 28. f5
Bxf1 29. Rxf1 Kh7 30. h3 Rg8 31. Kh1 Qe8 32. Ra2 Nd7 33. Bf4 f6 34. Rg1 Ne5 35.
Qg3 Re7 36. Rag2 Qf7 37. Qh4 Nf3 38. Rxg7+ Rxg7 39. Qxh6+ Kg8 40. Rg6 Rxg6 41.
fxg6 Qg7 42. Qh5 Ne5 43. Bxe5 Rxe5 44. Qg4 Rg5 45. Qc8+ Qf8 46. Qe6+ Kg7 47.
Qxb6 Kxg6 48. Qxa5 Qh6 0-1

[Event "Open A"]
[Site "Panevezys"]
[Date "2009.08.21"]
[Round "7.19"]
[White "Vaicekauskas, Gytis"]
[Black "Ralys, Vincas"]
[Result "0-1"]
[WhiteElo "1878"]
[BlackElo "1868"]
[PlyCount "86"]
[EventDate "2009.08.??"]

1. e4 e5 2. Nf3 Nc6 3. Nc3 Nf6 4. d4 Bb4 5. d5 Nxe4 6. dxc6 Nxc3 7. Qd2 Nxa2 8.
c3 Nxc1 9. Rxc1 Bd6 10. cxd7+ Bxd7 11. Bc4 O-O 12. O-O h6 13. Rfe1 Qf6 14. Qe3
Rfe8 15. Nd2 Bc6 16. Ne4 Bxe4 17. Qxe4 Qf4 18. Qd5 Rad8 19. g3 Qf6 20. Qxb7 Bc5
21. Re2 c6 22. b4 Re7 23. Qa6 Bb6 24. Rce1 Red7 25. Qa2 Rd1 26. Kg2 R8d2 27.
Qxd2 Rxd2 28. Rxd2 h5 29. h4 g5 30. hxg5 Qxg5 31. Rd3 Qg4 32. Bb3 e4 33. f3 Qg5
34. Rxe4 Qc1 35. Bd1 Qb1 36. Rd2 a5 37. bxa5 Bxa5 38. Re3 Qc1 39. Red3 c5 40.
Rc2 Qg5 41. f4 Qf5 42. Re3 Bc7 43. Rce2 Qd5+ 0-1

[Event "Open A"]
[Site "Panevezys"]
[Date "2009.08.21"]
[Round "7.21"]
[White "Juciute, Einora"]
[Black "Voroblievas, Arturas"]
[Result "0-1"]
[WhiteElo "1822"]
[BlackElo "1868"]
[PlyCount "66"]
[EventDate "2009.08.??"]

1. e4 e5 2. Nf3 Nc6 3. Bb5 a6 4. Ba4 Nf6 5. O-O Be7 6. Bxc6 dxc6 7. Qe1 O-O 8.
Nxe5 Bd6 9. Nf3 Bg4 10. Qe3 Re8 11. d3 Nd5 12. Qg5 Nf6 13. Nbd2 h6 14. Qa5 b5
15. h3 Qe7 16. a3 Bd7 17. Nb3 c5 18. Qd2 Nh5 19. Qe2 Qf6 20. c3 c4 21. dxc4
bxc4 22. Nbd4 c5 23. Nc2 Bf5 24. e5 Bxe5 25. Ne3 Bd3 26. Qd1 Bxf1 27. Qxf1 Nf4
28. Ng4 Nxh3+ 29. Kh1 Nxf2+ 30. Qxf2 Qf5 31. Qh4 Bf4 32. Nd2 Rad8 33. Qh3 Re1+
0-1

[Event "Open A"]
[Site "Panevezys"]
[Date "2009.08.22"]
[Round "8.1"]
[White "Labuckas, Aidas"]
[Black "Grabliauskas, Virginijus"]
[Result "1/2-1/2"]
[WhiteElo "2322"]
[BlackElo "2409"]
[PlyCount "92"]
[EventDate "2009.08.??"]

1. Nf3 Nf6 2. g3 d5 3. Bg2 c6 4. d3 Bg4 5. Nbd2 Nbd7 6. h3 Bh5 7. g4 Bg6 8. Nh4
e5 9. Nxg6 hxg6 10. e3 Bd6 11. Qe2 Qe7 12. a3 Nc5 13. b3 O-O-O 14. Bb2 Kb8 15.
Kd1 Bc7 16. Kc1 Nfd7 17. Kb1 a5 18. Ka2 Qe6 19. Rae1 Na6 20. d4 Rhe8 21. c3 Bb6
22. Nf3 c5 23. Nxe5 Nxe5 24. dxe5 a4 25. c4 axb3+ 26. Kxb3 dxc4+ 27. Kc2 c3 28.
Bxc3 Nb4+ 29. axb4 cxb4 30. Bb2 Qa2 31. Ra1 Rc8+ 32. Kd3 Qc4+ 33. Kd2 Red8+ 34.
Ke1 Qxe2+ 35. Kxe2 Rc2+ 36. Kf3 Rxb2 37. Rab1 Rdd2 38. Rxb2 Rxb2 39. Kg3 Bc7
40. Bd5 f6 41. Be4 g5 42. Rd1 Bxe5+ 43. Kf3 Kc7 44. Bf5 Bd6 45. Be4 Be5 46. Bf5
Bd6 1/2-1/2

[Event "Open A"]
[Site "Panevezys"]
[Date "2009.08.22"]
[Round "8.2"]
[White "Kantans, Toms"]
[Black "Malinin, Yuri"]
[Result "1-0"]
[WhiteElo "2209"]
[BlackElo "2319"]
[PlyCount "71"]
[EventDate "2009.08.??"]

1. Nf3 c5 2. c4 g6 3. g3 Bg7 4. Bg2 Nc6 5. Nc3 d6 6. O-O Qd7 7. Rb1 b6 8. d3
Bb7 9. Bd2 Nh6 10. a3 O-O 11. b4 Nf5 12. Ne1 e6 13. e4 Nfd4 14. b5 Ne7 15. Nc2
Rad8 16. Ne3 Kh8 17. f4 Rfe8 18. g4 f5 19. h3 Rf8 20. a4 Rf7 21. Be1 Rdf8 22.
Bg3 Bh6 23. Ne2 fxg4 24. Nxg4 Nxe2+ 25. Qxe2 Bxf4 26. Bxf4 Rxf4 27. Qb2+ e5 28.
Rxf4 Rxf4 29. Nxe5 dxe5 30. Qxe5+ Kg8 31. Qxf4 Qxd3 32. Rf1 Qd4+ 33. Kh2 Qd8
34. Qf7+ Kh8 35. Qf6+ Kg8 36. Qe6+ 1-0

[Event "Open A"]
[Site "Panevezys"]
[Date "2009.08.22"]
[Round "8.3"]
[White "Daulyte, Deimante"]
[Black "Dainauskas, Juozas"]
[Result "1-0"]
[WhiteElo "2268"]
[BlackElo "1938"]
[PlyCount "55"]
[EventDate "2009.08.??"]

1. e4 e6 2. d4 d5 3. e5 c5 4. c3 Qb6 5. Nf3 Bd7 6. Bd3 Bb5 7. dxc5 Bxc5 8. b4
Bf8 9. O-O Bxd3 10. Qxd3 Ne7 11. Be3 Qd8 12. Na3 Nf5 13. Bg5 Be7 14. Bxe7 Qxe7
15. c4 dxc4 16. Nxc4 O-O 17. Nd6 Qd7 18. Rfd1 Rd8 19. g4 Nh6 20. Ng5 f5 21.
gxf5 Nxf5 22. Qh3 h6 23. Nxf5 Qxd1+ 24. Rxd1 Rxd1+ 25. Kg2 exf5 26. Qb3+ Kh8
27. Nf7+ Kg8 28. Nd6+ 1-0

[Event "Open A"]
[Site "Panevezys"]
[Date "2009.08.22"]
[Round "8.5"]
[White "Latinis, Marius"]
[Black "Lomonosovas, Vitalijus"]
[Result "1-0"]
[WhiteElo "1967"]
[BlackElo "2115"]
[PlyCount "107"]
[EventDate "2009.08.??"]

1. c4 g6 2. e4 Bg7 3. d4 c5 4. Nf3 Nc6 5. d5 Nd4 6. Nc3 d6 7. Nxd4 cxd4 8. Nb5
Qb6 9. Bd3 a6 10. Na3 e5 11. dxe6 fxe6 12. h4 Nf6 13. h5 e5 14. hxg6 hxg6 15.
Rxh8+ Bxh8 16. Qb3 Qxb3 17. axb3 Bd7 18. Bg5 Bc6 19. Bxf6 Bxf6 20. Ke2 Kf7 21.
Rh1 Rh8 22. Rxh8 Bxh8 23. f3 Bf6 24. b4 Ba4 25. Bc2 Bd7 26. Bb3 Be6 27. Bd1 Bg5
28. Kd3 Be7 29. Ba4 Kf6 30. Be8 Kg5 31. Nb1 Kf4 32. Bxg6 Kg3 33. Bf5 Bxf5 34.
exf5 Kf4 35. Nd2 Kxf5 36. g3 Ke6 37. Ke4 Bf8 38. f4 b6 39. Nf3 Bg7 40. Ne1 Bf6
41. Nd3 a5 42. bxa5 bxa5 43. b3 Bg7 44. g4 exf4 45. Nxf4+ Kd7 46. Kd5 Bh6 47.
Nd3 Bg7 48. g5 Bh8 49. Nf4 Be5 50. Ke4 Kc6 51. Ne6 d3 52. Kxd3 d5 53. g6 a4 54.
bxa4 1-0

[Event "Open A"]
[Site "Panevezys"]
[Date "2009.08.22"]
[Round "8.6"]
[White "Narmontas, Raimondas"]
[Black "Apanaviciute, Kristina"]
[Result "1-0"]
[WhiteElo "2158"]
[BlackElo "1986"]
[PlyCount "91"]
[EventDate "2009.08.??"]

1. e4 e5 2. Nc3 Nf6 3. f4 d5 4. fxe5 Nxe4 5. Nf3 Be7 6. Qe2 Ng5 7. d4 Nxf3+ 8.
Qxf3 Be6 9. Be3 Qd7 10. Qg3 g6 11. Bg5 a6 12. Be2 Nc6 13. O-O-O O-O-O 14. Bxe7
Qxe7 15. a3 h5 16. Na4 b5 17. Qc3 Kb7 18. Nc5+ Kb6 19. Nxa6 Ra8 20. Qb3 Na7 21.
Nc5 c6 22. Kb1 Nc8 23. Rhf1 Bf5 24. h3 Qg5 25. a4 Qxg2 26. Rd2 Kc7 27. axb5 Nb6
28. Qb4 Rhb8 29. Na6+ Rxa6 30. Qd6+ Kc8 31. Qxc6+ Kd8 32. Qd6+ Kc8 33. bxa6 Nc4
34. Bxc4 Qxd2 35. Qc6+ Kd8 36. Qxd5+ Kc8 37. Bb3 Qe2 38. Qc6+ Kd8 39. Rc1 Be4
40. Qd6+ Kc8 41. Bxf7 Bf5 42. Be6+ Bxe6 43. Qxe6+ Kc7 44. Qd6+ Kc8 45. Qc6+ Kd8
46. a7 1-0

[Event "Open A"]
[Site "Panevezys"]
[Date "2009.08.22"]
[Round "8.7"]
[White "Milasevicius, Jonas"]
[Black "Bieliauskas, Marius"]
[Result "1/2-1/2"]
[WhiteElo "1996"]
[BlackElo "2144"]
[PlyCount "46"]
[EventDate "2009.08.??"]

1. d4 Nf6 2. c4 g6 3. Nc3 Bg7 4. e4 d6 5. Be2 O-O 6. Bg5 c5 7. d5 e6 8. Nf3
exd5 9. Nxd5 Be6 10. Bxf6 Bxf6 11. Nxf6+ Qxf6 12. Qd2 Nc6 13. O-O Bg4 14. Ne1
Bxe2 15. Qxe2 Nd4 16. Qd2 Qe6 17. Qd3 Rfe8 18. f3 a6 19. Nc2 Nxc2 20. Qxc2 b5
21. Rac1 Rab8 22. b3 h5 23. Rfd1 Qf6 1/2-1/2

[Event "Open A"]
[Site "Panevezys"]
[Date "2009.08.22"]
[Round "8.8"]
[White "Viskelis, Steponas"]
[Black "Kuvsinov, Anatolij"]
[Result "1/2-1/2"]
[WhiteElo "2039"]
[BlackElo "1984"]
[PlyCount "61"]
[EventDate "2009.08.??"]

1. d4 d6 2. c4 g6 3. Nc3 Bg7 4. e4 Nc6 5. Be3 e5 6. Nge2 Nf6 7. f3 O-O 8. Qd2
a6 9. d5 Ne7 10. c5 Ne8 11. g4 dxc5 12. Bxc5 Nd6 13. Ng3 f5 14. Be2 f4 15. Nf1
Bd7 16. h4 Nec8 17. h5 Bf6 18. Bf2 Nb5 19. Nxb5 axb5 20. hxg6 hxg6 21. Qc2 Nd6
22. Nd2 Kg7 23. Bd3 b6 24. Ke2 Be7 25. a3 Rc8 26. Rac1 Rh8 27. Qd1 Bh4 28. Qe1
Bxf2 29. Qxf2 Nf7 30. Rxh8 Qxh8 31. Rg1 {.........} 1/2-1/2

[Event "Open A"]
[Site "Panevezys"]
[Date "2009.08.22"]
[Round "8.9"]
[White "Novikovas, Anatolijus"]
[Black "Petraitis, Gintautas"]
[Result "0-1"]
[WhiteElo "1916"]
[BlackElo "2028"]
[PlyCount "86"]
[EventDate "2009.08.??"]

1. e4 e5 2. Nf3 Nc6 3. Bc4 Nf6 4. Ng5 d5 5. exd5 Na5 6. Bb5+ c6 7. dxc6 bxc6 8.
Qf3 Rb8 9. Bd3 Be7 10. O-O O-O 11. Bf5 h6 12. Bxc8 Qxc8 13. Ne4 Nd5 14. d3 f5
15. Nec3 Nb4 16. Qe2 Qc7 17. a3 Nd5 18. Qf3 Qd7 19. Ne2 Nb7 20. Nbc3 Nc5 21.
Qh5 Ne6 22. Nxd5 cxd5 23. c3 Nc5 24. d4 Nb3 25. Rb1 Nxc1 26. Rfxc1 e4 27. b4 f4
28. f3 Rf5 29. Qh3 Rbf8 30. Nxf4 Qd6 31. g3 exf3 32. Kf2 Bg5 33. Re1 Bxf4 34.
gxf4 Qxf4 35. Re3 Kh7 36. Rg1 g5 37. Rg4 Qc7 38. Qg3 Qc4 39. Qg1 Qa2+ 40. Kg3
h5 41. Re7+ Kh8 42. Rh4 gxh4+ 43. Kxh4 Qg2 0-1

[Event "Open A"]
[Site "Panevezys"]
[Date "2009.08.22"]
[Round "8.11"]
[White "Plunge, Gintautas"]
[Black "Beinoraite, Viktorija"]
[Result "1/2-1/2"]
[WhiteElo "2130"]
[BlackElo "2072"]
[PlyCount "253"]
[EventDate "2009.08.??"]

1. e4 e5 2. Nf3 Nf6 3. Nc3 Nc6 4. d4 exd4 5. Nd5 Be7 6. Bc4 d6 7. Nxd4 O-O 8.
Nb5 Ne5 9. Be2 Nxd5 10. exd5 Bf5 11. Nd4 Be4 12. f3 Bxd5 13. Nf5 Be6 14. Nxe7+
Qxe7 15. O-O f5 16. f4 Nd7 17. b3 Nf6 18. Bb2 Ne4 19. a4 Rfe8 20. Bf3 d5 21.
Be5 Rad8 22. c3 c5 23. Qc2 d4 24. cxd4 cxd4 25. Rfd1 Rc8 26. Qd3 Nc5 27. Qb5 b6
28. Re1 Nxb3 29. Rad1 Red8 30. Bxg7 Rc5 31. Qb4 Kxg7 32. Qxb3 Bxb3 33. Rxe7+
Kg8 34. Rde1 Bxa4 35. Rxa7 Ra5 36. Rb7 Rd7 37. Rxb6 d3 38. Bd1 d2 39. Rf1 Bb5
40. Bb3+ Kg7 41. Rb1 Bd3 42. Rb2 Ra1+ 43. Kf2 d1=Q 44. Bxd1 Rxd1 45. Kg3 Be4
46. Kh4 R1d2 47. g3 Rxb2 48. Rxb2 Rd6 49. Ra2 Bf3 50. Kg5 Be4 51. Ra7+ Kg8 52.
Ra2 Rg6+ 53. Kh4 Rg4+ 54. Kh3 Bd3 55. Kg2 Be4+ 56. Kh3 Rg6 57. Kh4 Kg7 58. Ra7+
Kh6 59. Ra1 Bg2 60. Rb1 Bf3 61. Rb3 Bd5 62. Rd3 Bg2 63. h3 Re6 64. Rd2 Bf3 65.
Ra2 Kg6 66. Rf2 Bd5 67. Rd2 Be4 68. Rb2 Kg7 69. g4 fxg4 70. hxg4 Rh6+ 71. Kg3
Rd6 72. Ra2 Kg6 73. Kh4 Kf6 74. Ra5 Re6 75. Ra7 Rb6 76. Ra4 Bd3 77. Rd4 Bg6 78.
Ra4 Kg7 79. Ra7+ Bf7 80. Kg5 Rb5+ 81. Kh4 Rb4 82. Kg3 Rb3+ 83. Kh4 Rf3 84. Kg5
Rg3 85. Kf5 Rg1 86. Rb7 Ra1 87. Kg5 h6+ 88. Kh4 Ra6 89. Rc7 Kg6 90. Rc5 Kf6 91.
Rb5 Be6 92. Rh5 Kg7 93. Rb5 Ra4 94. Rb6 Re4 95. Ra6 Bc4 96. Ra7+ Kf6 97. Kg3
Re3+ 98. Kf2 Rb3 99. Rh7 Kg6 100. Rc7 Bf7 101. Rc6+ Kg7 102. Rc7 Rd3 103. Ra7
Kf8 104. Rc7 Ra3 105. Rc8+ Kg7 106. Rc7 Rh3 107. Kg2 Rd3 108. Kf2 Kf8 109. Rc8+
Ke7 110. Rc7+ Ke6 111. Rc6+ Rd6 112. Rc5 Kf6 113. Rc3 Be6 114. Kf3 Rd1 115. Rc6
Ke7 116. Ra6 Rg1 117. f5 Bd5+ 118. Kf4 Rh1 119. Ke5 Bc4 120. Ra7+ Kd8 121. Rh7
Rg1 122. Rh8+ Kd7 123. Rh7+ Ke8 124. Rxh6 Rxg4 125. Kf6 Bd3 126. Rh3 Bxf5 127.
Kxf5 1/2-1/2

[Event "Open A"]
[Site "Panevezys"]
[Date "2009.08.22"]
[Round "8.12"]
[White "Kasperavicius, Jokubas"]
[Black "Vaitonis, Vytautas"]
[Result "0-1"]
[WhiteElo "1972"]
[BlackElo "2032"]
[PlyCount "84"]
[EventDate "2009.08.??"]

1. e4 g6 2. d4 Bg7 3. Nf3 d6 4. Nc3 Nf6 5. Bf4 c6 6. Qd2 a6 7. h4 Qa5 8. Be2 b5
9. e5 b4 10. exf6 bxc3 11. fxg7 cxd2+ 12. Bxd2 Qxd2+ 13. Kxd2 Rg8 14. Ne1 Rxg7
15. Bf3 f6 16. d5 c5 17. c4 Nd7 18. Bg4 f5 19. Bd1 Rb8 20. Nd3 Ne5 21. Nxe5
dxe5 22. Ba4+ Bd7 23. Bxd7+ Kxd7 24. Kc2 e4 25. Rae1 Rb6 26. h5 e6 27. dxe6+
Rxe6 28. Rd1+ Rd6 29. hxg6 Rgxg6 30. g3 Rd4 31. Rxd4+ cxd4 32. b4 f4 33. gxf4
Rg2 34. Rf1 e3 35. Kd3 Rxf2 36. Rxf2 exf2 37. Ke2 h5 38. f5 h4 39. c5 h3 40. f6
h2 41. c6+ Kxc6 42. f7 f1=Q+ 0-1

[Event "Open A"]
[Site "Panevezys"]
[Date "2009.08.22"]
[Round "8.13"]
[White "Grybas, Gintaras"]
[Black "Narva, Triin"]
[Result "0-1"]
[WhiteElo "2060"]
[BlackElo "1865"]
[PlyCount "94"]
[EventDate "2009.08.??"]

1. d4 Nf6 2. c4 g6 3. Nc3 Bg7 4. e4 d6 5. Nf3 O-O 6. Be2 Nbd7 7. h3 e5 8. O-O
Ne8 9. Bg5 f6 10. Be3 f5 11. Bg5 Nef6 12. dxe5 dxe5 13. Qc2 f4 14. Rad1 h6 15.
Nxe5 hxg5 16. Nxg6 Re8 17. e5 Nh7 18. Qf5 Ndf8 19. Qe4 Bd7 20. Nxf8 Nxf8 21.
Qxb7 Bxe5 22. Ne4 Qe7 23. b3 Be6 24. Qb5 Bf6 25. Bh5 Bf7 26. Bf3 Rad8 27. Rde1
Ne6 28. Bg4 Kg7 29. Qa5 Rb8 30. Qxa7 Ra8 31. Qb7 Reb8 32. Qd5 Nd4 33. Nxf6 Qxf6
34. Qd7 Rxa2 35. Re7 c5 36. Rfe1 Rf8 37. Bh5 f3 38. g3 Re2 39. R1xe2 Nxe2+ 40.
Kh2 Kg8 41. Bxf7+ Rxf7 42. Re8+ Kg7 43. Qd5 Nxg3 44. Re5 Nf5 45. Qxc5 g4 46.
Re4 g3+ 47. fxg3 Qb2+ 0-1

[Event "Open A"]
[Site "Panevezys"]
[Date "2009.08.22"]
[Round "8.14"]
[White "Upmanis, Gustavs"]
[Black "Rogulis, Uldis"]
[Result "1-0"]
[WhiteElo "2004"]
[BlackElo "1846"]
[PlyCount "71"]
[EventDate "2009.08.??"]

1. e4 c5 2. Nf3 d6 3. Bc4 e6 4. Qe2 a6 5. a4 Nc6 6. c3 g6 7. d4 cxd4 8. cxd4
Bg7 9. Be3 Nge7 10. O-O O-O 11. Ba2 d5 12. e5 Nf5 13. Nc3 b6 14. Rae1 a5 15.
Bb1 Ba6 16. Bd3 Bxd3 17. Qxd3 Nb4 18. Qe2 Rc8 19. Bg5 Qd7 20. g4 Ne7 21. h4 h6
22. Bf6 Kh7 23. Rc1 Ng8 24. g5 h5 25. Nb5 Ne7 26. Nd6 Rxc1 27. Rxc1 Nf5 28.
Nxf5 Bxf6 29. gxf6 exf5 30. Qb5 Qd8 31. Ng5+ Kg8 32. e6 fxe6 33. Nxe6 Qd6 34.
Nxf8 Qf4 35. f7+ Kh8 36. Nxg6+ 1-0

[Event "Open A"]
[Site "Panevezys"]
[Date "2009.08.22"]
[Round "8.15"]
[White "Stremavicius, Titas"]
[Black "Rimeikis, Andrius"]
[Result "0-1"]
[WhiteElo "1791"]
[BlackElo "1988"]
[PlyCount "190"]
[EventDate "2009.08.??"]

1. c4 e6 2. g3 d5 3. cxd5 exd5 4. Bg2 Nf6 5. d4 Be7 6. Nc3 O-O 7. e3 Re8 8.
Nge2 c6 9. Qb3 Bd6 10. O-O Qc7 11. Bd2 Bf5 12. Rac1 Qb6 13. Qxb6 axb6 14. f3
Bd3 15. Rfe1 b5 16. a3 Nbd7 17. Nd1 Nb6 18. Kf2 Nc4 19. Bc3 Re7 20. Nf4 Bf5 21.
Bf1 Rae8 22. Ng2 g5 23. Bxc4 bxc4 24. Kg1 Bh3 25. Rc2 g4 26. f4 Bxg2 27. Kxg2
Ne4 28. Nf2 Nxf2 29. Kxf2 f5 30. Rce2 h5 31. h3 Kg7 32. h4 Ra8 33. Rc2 b5 34.
Rb1 Rb7 35. Ke2 Kf7 36. Kd2 Ke6 37. Kc1 Kd7 38. Kd1 b4 39. axb4 Bxb4 40. Bxb4
Rxb4 41. Kc1 Kc7 42. Rc3 Ra2 43. Kc2 Kb6 44. Kc1 Ka5 45. Kc2 Ka4 46. Kc1 Rb3
47. Kc2 Rb4 48. Kc1 Kb5 49. Kc2 Ka5 50. Kc1 Kb5 51. Kc2 Rba4 52. Kc1 Kb4 53.
Kc2 Ra1 54. Kc1 Ra8 55. Kc2 R8a2 56. Kc1 Rxb2 57. Rxc4+ Kxc4 58. Rxa1 Re2 59.
Ra3 Rg2 60. Ra6 Kb5 61. Ra8 Rxg3 62. Rh8 Rxe3 63. Rxh5 Rh3 64. Kd2 Kc4 65. Rxf5
Kxd4 66. Rg5 Rh2+ 67. Kd1 Rxh4 68. f5 g3 69. Rxg3 Rf4 70. Rg6 c5 71. f6 c4 72.
Kc2 Rf2+ 73. Kd1 Ke5 74. Rg5+ Ke6 75. f7 Rxf7 76. Ke2 Rf4 77. Rh5 Kd6 78. Ke3
Re4+ 79. Kd2 Kc5 80. Rg5 Rh4 81. Kc2 Rh3 82. Rf5 Re3 83. Kd2 Rd3+ 84. Kc2 Kd4
85. Rf4+ Ke5 86. Rh4 Re3 87. Rh8 Kd4 88. Ra8 Re2+ 89. Kd1 Rg2 90. Rd8 c3 91.
Rd7 Kc4 92. Kc1 d4 93. Rc7+ Kd3 94. Kb1 Rg1+ 95. Ka2 Kc2 0-1

[Event "Open A"]
[Site "Panevezys"]
[Date "2009.08.22"]
[Round "8.19"]
[White "Voroblievas, Arturas"]
[Black "Barsciauskas, Gintautas"]
[Result "1/2-1/2"]
[WhiteElo "1868"]
[BlackElo "1964"]
[PlyCount "23"]
[EventDate "2009.08.??"]

1. e4 d6 2. d4 g6 3. Nc3 Nd7 4. f4 Ngf6 5. Nf3 Bg7 6. Bd3 O-O 7. O-O e5 8. d5
exf4 9. Bxf4 Nh5 10. Bd2 Nhf6 11. Bf4 Nh5 12. Bd2 1/2-1/2

[Event "Open A"]
[Site "Panevezys"]
[Date "2009.08.22"]
[Round "8.20"]
[White "Juciute, Einora"]
[Black "Vaicekauskas, Gytis"]
[Result "0-1"]
[WhiteElo "1822"]
[BlackElo "1878"]
[PlyCount "68"]
[EventDate "2009.08.??"]

1. c3 Nf6 2. Nf3 g6 3. d4 Bg7 4. Bf4 d6 5. Qc1 h6 6. Nbd2 Nbd7 7. e4 Nh5 8. Be3
e5 9. Bc4 O-O 10. Nf1 Kh7 11. Ng3 Nhf6 12. h4 Nb6 13. Bd3 Ng4 14. h5 Nxe3 15.
hxg6+ fxg6 16. Qxe3 Bg4 17. Nh2 Bd7 18. O-O-O exd4 19. cxd4 Qf6 20. Nf3 Bg4 21.
Nh5 Bxh5 22. Rxh5 Kg8 23. Rh4 Qf7 24. Kb1 Rae8 25. e5 Nd5 26. Qe4 Nb4 27. Qxg6
Qxa2+ 28. Kc1 Nxd3+ 29. Rxd3 Re6 30. Qe4 d5 31. Qg4 Rb6 32. b3 Rc6+ 33. Kd1
Qc2+ 34. Ke1 Qxd3 0-1

[Event "Open A"]
[Site "Panevezys"]
[Date "2009.08.23"]
[Round "9.3"]
[White "Rogule, Laura"]
[Black "Malinin, Yuri"]
[Result "1/2-1/2"]
[WhiteElo "2255"]
[BlackElo "2319"]
[PlyCount "65"]
[EventDate "2009.08.17"]

1. c4 c5 2. Nc3 g6 3. g3 Bg7 4. Bg2 Nc6 5. e4 Nf6 6. Nge2 O-O 7. O-O d6 8. Rb1
Ne8 9. a3 a5 10. f4 Nc7 11. d3 Rb8 12. Be3 Nd4 13. b4 axb4 14. axb4 Bg4 15. h3
Nxe2+ 16. Nxe2 Bxe2 17. Qxe2 Ne6 18. bxc5 dxc5 19. e5 b6 20. Rb3 Nd4 21. Bxd4
Qxd4+ 22. Kh2 f6 23. e6 f5 24. Rfb1 g5 25. Qf3 gxf4 26. Qxf4 Qxf4 27. gxf4 Rfd8
28. Bd5 Rd6 29. Ra3 Rc8 30. Ra7 Bf6 31. Rd7 Kg7 32. Kg2 Rg8 33. Kf3 1/2-1/2

[Event "Open A"]
[Site "Panevezys"]
[Date "2009.08.23"]
[Round "9.4"]
[White "Labuckas, Aidas"]
[Black "Narmontas, Raimondas"]
[Result "1-0"]
[WhiteElo "2322"]
[BlackElo "2158"]
[PlyCount "153"]
[EventDate "2009.08.17"]

1. Nf3 d6 2. d4 Bg4 3. e4 Nd7 4. Be2 e5 5. O-O Ngf6 6. Nc3 Be7 7. Be3 O-O 8.
Qd2 Re8 9. dxe5 dxe5 10. Rad1 Bb4 11. Qd3 c6 12. h3 Bh5 13. Bg5 Qa5 14. Bd2 Bg6
15. a3 Bxc3 16. Bxc3 Qb6 17. Qc4 Qc7 18. Nd2 b5 19. Qd3 Nc5 20. Qe3 Ncxe4 21.
Nxe4 Nxe4 22. Be1 Rad8 23. Rxd8 Rxd8 24. f3 Nd6 25. c3 Nc8 26. Bf2 Nb6 27. Re1
f6 28. Kh1 Rd7 29. Rd1 Rxd1+ 30. Bxd1 Qd6 31. Be2 h6 32. Qc1 Qd5 33. Be3 Bd3
34. Bd1 c5 35. b4 c4 36. Qd2 f5 37. f4 Be4 38. fxe5 Bxg2+ 39. Qxg2 Qxd1+ 40.
Kh2 Nd5 41. Bxh6 Kf7 42. Qxg7+ Ke6 43. Qg6+ Kxe5 44. Bg7+ Kf4 45. Qg3+ Ke4 46.
Qe5+ Kf3 47. Qxf5+ Ke2 48. Qh5+ Ke1 49. Qxd1+ Kxd1 50. h4 Nf4 51. Be5 Ng6 52.
Bg3 Kd2 53. h5 Ne7 54. Be5 Kd3 55. h6 Ng6 56. h7 Nxe5 57. h8=Q Nf3+ 58. Kg3 Nd2
59. Kf4 Kc2 60. Ke3 Nb1 61. Kd4 Nxa3 62. Qh7+ Kb3 63. Qxa7 Nc2+ 64. Kc5 Na3 65.
Qg7 Kb2 66. Qg3 Kc2 67. Qe3 Kb1 68. Kd5 Nc2 69. Kc5 Na3 70. Kb6 Ka1 71. Ka5 Kb1
72. Kb6 Ka1 73. Qc1+ Ka2 74. Kc5 Kb3 75. Qd2 Nb1 76. Qd1+ Ka3 77. Qc2 1-0

[Event "Open A"]
[Site "Panevezys"]
[Date "2009.08.23"]
[Round "9.7"]
[White "Lomonosovas, Vitalijus"]
[Black "Milasevicius, Jonas"]
[Result "0-1"]
[WhiteElo "2115"]
[BlackElo "1996"]
[PlyCount "130"]
[EventDate "2009.08.17"]

1. Nf3 d5 2. e3 Nf6 3. b3 Bg4 4. Bb2 e6 5. c4 c6 6. Be2 Bd6 7. d4 Nbd7 8. O-O
O-O 9. Nc3 Qe7 10. Nd2 Bxe2 11. Qxe2 e5 12. dxe5 Qxe5 13. Nf3 Qh5 14. cxd5 Nxd5
15. Nxd5 Bxh2+ 16. Kh1 Bc7+ 17. Kg1 Qxd5 18. Rad1 Qe6 19. Rd4 Nb6 20. Rh4 h6
21. Nd4 Qd7 22. e4 Be5 23. Nf5 Rfe8 24. Bxe5 Rxe5 25. Qg4 Rxf5 26. exf5 Qd6 27.
Re1 Qf6 28. Rh3 Nd5 29. Qe4 Rc8 30. Qe5 Qxe5 31. Rxe5 f6 32. Re4 Kf7 33. Rg3
Ne7 34. Rd3 Rc7 35. g4 h5 36. f3 hxg4 37. fxg4 Nd5 38. Rh3 Rc8 39. Kf2 Rd8 40.
Rd4 Re8 41. Rd1 Re4 42. Rg1 Rd4 43. Ke1 Nf4 44. Rh8 Nd3+ 45. Ke2 Ne5 46. Rb8
Rd7 47. Rg3 b5 48. a4 bxa4 49. bxa4 a5 50. Rgb3 Re7 51. Kd1 Nxg4 52. R3b7 Ne3+
53. Ke2 Nxf5+ 54. Rxe7+ Nxe7 55. Ra8 g5 56. Rxa5 Ke6 57. Ra8 Kd6 58. a5 Nd5 59.
Rf8 Ke7 60. Rb8 Nc7 61. Kd3 f5 62. Kc4 f4 63. Kc5 Na6+ 64. Kxc6 Nxb8+ 65. Kb7
f3 0-1

[Event "Open A"]
[Site "Panevezys"]
[Date "2009.08.23"]
[Round "9.8"]
[White "Vaitonis, Vytautas"]
[Black "Jakovlev, Juri"]
[Result "1-0"]
[WhiteElo "2032"]
[BlackElo "2113"]
[PlyCount "81"]
[EventDate "2009.08.17"]

1. d4 d5 2. Nf3 Nf6 3. c4 c6 4. Nc3 dxc4 5. a4 Bf5 6. e3 e6 7. Bxc4 Bb4 8. O-O
O-O 9. Qe2 Nbd7 10. e4 Bg6 11. e5 Nd5 12. Nxd5 cxd5 13. Bd3 Nb8 14. Be3 a6 15.
Ng5 Re8 16. f4 h6 17. Nh3 Bxd3 18. Qxd3 f5 19. exf6 Qxf6 20. f5 exf5 21. Nf4
Qf7 22. Qb3 Nc6 23. Rf3 Rad8 24. Raf1 Bf8 25. h4 Na5 26. Qd3 Nc4 27. Bc1 Be7
28. h5 Bg5 29. b3 Nd6 30. Ng6 Re4 31. Ba3 Bf6 32. Bxd6 Rxd6 33. Rxf5 Rxd4 34.
Qg3 Rd8 35. Ne5 Qe7 36. Rxf6 Re4 37. Ng6 Qc5+ 38. Qf2 Qxf2+ 39. R6xf2 Ree8 40.
Rf7 b6 41. Rc7 1-0

[Event "Open A"]
[Site "Panevezys"]
[Date "2009.08.23"]
[Round "9.10"]
[White "Rimeikis, Andrius"]
[Black "Plunge, Gintautas"]
[Result "1/2-1/2"]
[WhiteElo "1988"]
[BlackElo "2130"]
[PlyCount "70"]
[EventDate "2009.08.17"]

1. e4 Nf6 2. e5 Nd5 3. d4 d6 4. Nf3 Bg4 5. Be2 Nc6 6. O-O e6 7. Re1 Be7 8. h3
Bxf3 9. Bxf3 O-O 10. c3 Qd7 11. Qe2 Rfe8 12. g3 Rad8 13. Nd2 Nb6 14. Nc4 Nxc4
15. Qxc4 d5 16. Qd3 Na5 17. Bd1 c5 18. Bc2 g6 19. dxc5 Qc7 20. Bf4 Nc4 21. b4
b6 22. Bb3 bxc5 23. Bxc4 dxc4 24. Qxc4 Rd5 25. h4 Red8 26. Reb1 Rd3 27. a4 Qc6
28. b5 Qf3 29. Rc1 Bxh4 30. Qxc5 g5 31. Qe7 gxf4 32. Qxh4 fxg3 33. Qxg3+ Qxg3+
34. fxg3 Rxg3+ 35. Kf2 Rdd3 1/2-1/2

[Event "Open A"]
[Site "Panevezys"]
[Date "2009.08.23"]
[Round "9.11"]
[White "Beinoraite, Viktorija"]
[Black "Novikovas, Anatolijus"]
[Result "1/2-1/2"]
[WhiteElo "2072"]
[BlackElo "1916"]
[PlyCount "105"]
[EventDate "2009.08.17"]

1. d4 Nf6 2. c4 e6 3. Nf3 b6 4. g3 Ba6 5. b3 Bb4+ 6. Bd2 Be7 7. Bg2 c6 8. Bc3
d5 9. Nbd2 O-O 10. Ne5 Nfd7 11. Nd3 Bb7 12. O-O c5 13. e3 Bf6 14. Rc1 cxd4 15.
exd4 Na6 16. Ne5 Rc8 17. Qe2 Nc7 18. Rfd1 Re8 19. Nf1 Qe7 20. Ne3 g6 21. N3g4
Bg7 22. Qd2 f6 23. Bb4 Qd8 24. Nxd7 Qxd7 25. Qf4 Na6 26. Ba3 Qf7 27. Nh6+ Bxh6
28. Qxh6 dxc4 29. bxc4 Bxg2 30. Kxg2 Red8 31. h4 Qb7+ 32. f3 Qf7 33. Qe3 Nc7
34. h5 gxh5 35. Rh1 Qg6 36. Rh4 Kf7 37. Qf2 Ne8 38. c5 bxc5 39. Rxc5 Rxc5 40.
dxc5 Qg5 41. Rd4 Rxd4 42. Qxd4 Qd5 43. Qb2 Ng7 44. Qc2 Nf5 45. Bc1 Qc6 46. Bf4
Qxf3+ 47. Kg1 Qc6 48. Kh2 Kg7 49. Qe2 Qxc5 50. Qxe6 Qf2+ 51. Kh3 Qf1+ 52. Kh2
Qf2+ 53. Kh3 1/2-1/2